№ 16-18; Альтернативная энергетика и экология

Detalles Bibliográficos
Parent link:Альтернативная энергетика и экология: международный научный журнал. № 16-18.— , 2011-
Idioma:ruso
inglés
Publicado: 2017
Formato: MixedMaterials Libro
KOHA link:https://koha.lib.tpu.ru/cgi-bin/koha/opac-detail.pl?biblionumber=576620

MARC

LEADER 00000nam2a2200000 4500
001 576620
005 20231101130320.0
035 |a (RuTPU)RU\TPU\prd\275704 
090 |a 576620 
100 |a 20180226a20119999k y0rusy50 ca 
101 0 |a rus  |a eng 
102 |a RU 
200 0 |a № 16-18 
210 |d 2017 
461 1 |0 (RuTPU)RU\TPU\prd\112965  |t Альтернативная энергетика и экология  |o международный научный журнал  |v № 16-18  |d 2011- 
801 0 |a RU  |b 63413507  |c 20010227  |g PSBO 
801 1 |a RU  |b 63413507  |c 20180226 
801 2 |a RU  |b 63413507  |c 20230321  |g RCR 
942 |c BK 
999 |a НТБ_ТПУ  |b НФ  |e -1/20180109  |p П-9473  |u 0,00  |v 1